000 00309nam a22001337a 4500
008 181107b xxu||||| |||| 00| 0 eng d
020 _a9780534149949
041 _aeng
080 _24 th
_a101
100 _a23
101 _aFIL
245 _aPhilosphy A Text With Readings
_cMnauel.V
942 _2udc
_cBK
999 _c52199
_d52199